Normal view
MARC view
- Reed, Stephen K.
Entry Personal Name
001 - CONTROL NUMBER
- control field: 4340
003 - CONTROL NUMBER IDENTIFIER
- control field: NUST
005 - DATE AND TIME OF LATEST TRANSACTION
- control field: 20170828131155.0
008 - FIXED-LENGTH DATA ELEMENTS
- fixed length control field: 170828|| aca||aabn | a|a d
040 ## - CATALOGING SOURCE
- Original cataloging agency: NUST
- Transcribing agency: NUST
100 ## - HEADING--PERSONAL NAME
- Personal name: Reed, Stephen K.
670 ## - SOURCE DATA FOUND
- Source citation: Work cat.: (NUST)0: Reed, Stephen K., Word problems :, c1999.
